|
|
|
|
| LEADER |
00000nam0a2200000 4500 |
| 001 |
120319 |
| 005 |
20231031124938.0 |
| 010 |
|
|
|a 5222095827
|
| 035 |
|
|
|a (RuTPU)RU\TPU\book\130273
|
| 035 |
|
|
|a BOOK00014901
|
| 035 |
|
|
|a RU\TPU\book\14833
|
| 090 |
|
|
|a 120319
|
| 100 |
|
|
|a 20011209d2006 m y0rusy50 ca
|
| 101 |
0 |
|
|a rus
|
| 102 |
|
|
|a RU
|
| 105 |
|
|
|a y j 001zy
|
| 200 |
1 |
|
|a Страховое дело
|e учебное пособие
|f Б. Ю. Сербиновский, В. Н. Гарькуша
|
| 205 |
|
|
|a 5-е изд., доп. и перераб.
|
| 210 |
|
|
|a Ростов-на-Дону
|c Феникс
|d 2006
|
| 215 |
|
|
|a 416 с.
|
| 225 |
1 |
|
|a Учебники, учебные пособия
|
| 333 |
|
|
|a Исключено из фонда НТБ ТПУ
|
| 700 |
|
1 |
|a Сербиновский
|b Б. Ю.
|g Борис Юрьевич
|
| 701 |
|
1 |
|a Гарькуша
|b В. Н.
|g Валентина Николаевна
|
| 801 |
|
1 |
|a RU
|b 63413507
|c 20070824
|g PSBO
|
| 801 |
|
2 |
|a RU
|b 63413507
|c 20220428
|g PSBO
|
| 942 |
|
|
|c BK
|
| 959 |
|
|
|a 48/20070816
|d 1
|e 101,90
|f ЧЗГЛ:1
|